Préfectures et sous-préfectures du Grand-Est - Statistiques

Statistiques générales
  • Ce quiz a été pris 352 fois
  • Le résultat moyen est 24 sur 38
Statistiques - réponses
Département Ville % Correct
Moselle - Préfecture Metz
96%
Meurthe-et-Moselle - Préfecture Nancy
94%
Bas-Rhin - Préfecture Strasbourg
94%
Haut-Rhin - Préfecture Colmar
92%
Ardennes - Préfecture Charleville-Mézières
90%
Aube - Préfecture Troyes
89%
Vosges - Préfecture Epinal
87%
Haut-Rhin Mulhouse
86%
Marne Reims
86%
Meuse - Préfecture Bar-le-Duc
84%
Marne - Préfecture Châlons en Champagne
82%
Haute-Marne - Préfecture Chaumont
77%
Meuse Verdun
74%
Ardennes Sedan
71%
Moselle Thionville
66%
Bas-Rhin Haguenau
63%
Moselle Sarreguemines
62%
Bas-Rhin Sélestat
62%
Moselle Forbach
59%
Haute-Marne Saint-Dizier
58%
Marne Epernay
57%
Meurthe-et-Moselle Lunéville
57%
Moselle Sarrebourg
57%
Vosges Saint-Dié-des-Vosges
55%
Meurthe-et-Moselle Toul
55%
Aube Bar-sur-Aube
51%
Haute-Marne Langres
48%
Bas-Rhin Molsheim
48%
Bas-Rhin Saverne
47%
Aube Nogent-sur-Seine
46%
Meuse Commercy
45%
Marne Vitry-le-François
45%
Ardennes Rethel
44%
Haut-Rhin Altkirch
43%
Vosges Neufchâteau
43%
Haut-Rhin Thann
40%
Ardennes Vouziers
38%
Meurthe-et-Moselle Briey
36%
Aucun quiz correspondant
Distribution des résultats
% des personnes avec chaque résultat
Percentile par nombre de réponses
Votre historique - résultats
Vous n’avez pas pris ce quiz